Normal view
MARC view
Entry Personal Name
001 - CONTROL NUMBER
- control field: 81896
003 - CONTROL NUMBER IDENTIFIER
- control field: dpl
005 - DATE AND TIME OF LATEST TRANSACTION
- control field: 20250611143901.0
008 - FIXED-LENGTH DATA ELEMENTS
- fixed length control field: 250611|| aca||aabn | a|a d
040 ## - CATALOGING SOURCE
- Original cataloging agency: dpl
- Transcribing agency: dpl
100 ## - HEADING--PERSONAL NAME
- Personal name: Manoj Emanual Hembrom
670 ## - SOURCE DATA FOUND
- Source citation: Work cat.: (dpl)211736: Das, Kanad 81894, Macrofungi of Acharya Jagadish Chandra Bose Indian Botanic Garden: , 2019
